Schaum's outline of theory and problems of financial accounting (Record no. 80333)

MARC details
000 -LEADER
fixed length control field 01013nam a2200217 a 4500
008 - FIXED-LENGTH DATA ELEMENTS--GENERAL INFORMATION
fixed length control field 120416s1983 ||||||||||||||||| || u
020 ## - INTERNATIONAL STANDARD BOOK NUMBER
International Standard Book Number 0070573042
050 ## - LIBRARY OF CONGRESS CALL NUMBER
Classification number HF 5661 Sie
100 ## - MAIN ENTRY--PERSONAL NAME
Personal name Shim, Jae K
245 10 - TITLE STATEMENT
Title Schaum's outline of theory and problems of financial accounting
260 ## - PUBLICATION, DISTRIBUTION, ETC.
Place of publication, distribution, etc. New York :
Name of publisher, distributor, etc. McGraw-Hill
Date of publication, distribution, etc. 1983
300 ## - PHYSICAL DESCRIPTION
Extent viii, 310p. : ill.
350 ## -
-- 0.00
490 ## -
-- Schaum's outline series in accounting
490 ## -
-- Schaum's outline series
650 ## - SUBJECT ADDED ENTRY--TOPICAL TERM
Topical term or geographic name entry element TEXTBOOKS--TEXTBOOKS
700 ## - ADDED ENTRY--PERSONAL NAME
Personal name Siegel, Joel G
995 ## -
-- BINDERY (DAMAGED)
-- 0.00
-- 709112
-- CBU-MAIN LIBRARY (Kitwe)
-- 3
-- 6.75
-- HF 5661 Sie
-- 2
-- DAMAGED
-- 007302
-- Main Library Open Access Collection
995 ## -
-- MAIN LIBRARY OPEN ACCESS
-- 0.00
-- 709113
-- CBU-MAIN LIBRARY (Kitwe)
-- 2
-- 6.75
-- HF 5661 Sie
-- 3
-- AVAILABLE
-- 007303
-- Main Library Open Access Collection
995 ## -
-- MAIN LIBRARY OPEN ACCESS
-- 0.00
-- 709111
-- CBU-MAIN LIBRARY (Kitwe)
-- 1
-- 6.75
-- HF 5661 Sie
-- 1
-- AVAILABLE
-- 007301
-- Main Library Open Access Collection
999 ## -
-- 80333
-- 80333
Holdings
Withdrawn status Lost status Source of classification or shelving scheme Damaged status Not for loan Permanent Location Current Location Shelving location Date acquired Total Checkouts Full call number Barcode Date last seen Copy number Price effective from Koha item type
          CBU-MAIN LIBRARY, KITWE. CBU-MAIN LIBRARY, KITWE.   06/29/2023   HF 5661 Sie 007302 06/29/2023 1 06/29/2023 MONOGRAPH
          CBU-MAIN LIBRARY, KITWE. CBU-MAIN LIBRARY, KITWE.   06/29/2023   HF 5661 Sie 007303 06/29/2023 2 06/29/2023 MONOGRAPH
          CBU-MAIN LIBRARY, KITWE. CBU-MAIN LIBRARY, KITWE.   06/29/2023   HF 5661 Sie 007301 06/29/2023 3 06/29/2023 MONOGRAPH